Δυσλεξία : πτυχιακή εργασία
Αποθηκεύτηκε σε:
| Κύριος συγγραφέας: | |
|---|---|
| Μορφή: | Thesis Βιβλίο |
| Γλώσσα: | Greek |
| Δημοσίευση: |
[Ρόδος] :
Πανεπιστήμιο Αιγαίου, Παιδαγωγικό Τμήμα Δημοτικής Εκπαίδευσης,
[2006].
|
| Θέματα: | |
| Ετικέτες: |
Προσθήκη ετικέτας
Δεν υπάρχουν, Καταχωρήστε ετικέτα πρώτοι!
|
MARC
| LEADER | 00000cam a2200000 i 4500 | ||
|---|---|---|---|
| 001 | 1/31986 | ||
| 008 | 060705s2006 gre d | ||
| 035 | |l 10084556 | ||
| 040 | |a GR-MY-UA |b gre |e aacr | ||
| 041 | 0 | |a gre | |
| 082 | 7 | |a 371.9043 |2 (22) | |
| 100 | 1 | |a Φραγκιαδάκη, Ανδριανή. | |
| 245 | 1 | 0 | |a Δυσλεξία : |b πτυχιακή εργασία / |c Φραγκιαδάκη Ανδριανή. |
| 260 | |a [Ρόδος] : |b Πανεπιστήμιο Αιγαίου, Παιδαγωγικό Τμήμα Δημοτικής Εκπαίδευσης, |c [2006]. | ||
| 300 | |a 58 σ. : |b πίν. ; |c 30 εκ. | ||
| 502 | |a Πτυχιακή εργασία – Πανεπιστήμιο Αιγαίου, Ρόδος, 2006. | ||
| 504 | |a Βιβλιογραφία: σ.57-58. | ||
| 610 | 2 | 0 | |a University of the Aegean |x Dissertations. |
| 650 | 0 | 0 | |a Dissertations, Academic. |
| 650 | 0 | 0 | |a Reading disability. |
| 650 | 0 | 0 | |a Dyslexic children |x Education. |
| 650 | 0 | 0 | |a Dyslexia |x Research. |
| 852 | |a INST |b RHODES |c DIATR |e 20060705 |h 371.9043 ΦΡΑ |p 005400024816 |q 005400024816 |t DIE |y 23 | ||
| 852 | |a INST |b RHODES |c DIATR |e 20060705 |h 371.9043 ΦΡΑ |p 005400024817 |q 005400024817 |t DIE |y 23 | ||
| 901 | |a BIBL4-2006-2 | ||
| 909 | |a Ρ |b 123768 | ||
| 909 | |a Ρ |b 123769 | ||
| 924 | |a ΦΡΑΓΚΙΑΔΑΚΗ |b ΑΝΔΡΙΑΝΗ |y Ρόδος |z 2006-06 | ||
| 970 | |a ΣΙΔΕΡΗ |b ΝΕΚΤΑΡΙΑ |z 2006/07/05 | ||